Coup de poker (click quiz) - Statistiques

Statistiques générales
  • Ce quiz a été pris 209 fois
  • Le résultat moyen est 6 sur 10
Statistiques - réponses
Hint Réponse % Correct
Ouille ouille ouille Brelan
82%
Atchoum atchoum atchoum atchoum Carré
79%
Pouet pouet Paire
79%
Drelin Drelin wesh wesh Double paire
75%
Bla bla bla areu areu Full
70%
P q r s t Suite
66%
P q r s t jaune banane Quinte flush
54%
2, 25748759715 m Hauteur
47%
Les cailloux du petit poucet Quinte flush royale
26%
Verge d'or foncée Couleur
22%
Aucun quiz correspondant
Distribution des résultats
% des personnes avec chaque résultat
Percentile par nombre de réponses
Votre historique - résultats
Vous n’avez pas pris ce quiz